Statistics for Logo Quiz

Click here to take the quiz!

General Stats

  • This quiz has been taken 45 times
  • The average score is 12 of 16

Answer Stats

Answer% Correct
Netflix
98%
Android
95%
Apple
95%
YouTube
95%
Pepsi
93%
PayPal
90%
Xbox
88%
MasterCard
85%
Redbull
83%
Pinterest
80%
Google Drive
76%
NBC
73%
App Store
59%
Blackberry
46%
Flipboard
20%
OneDrive
17%

Score Distribution

Percentile by Number Answered

Percent of People with Each Score

Your Score History

You have not taken this quiz